| 000 | 00539nam a2200169Ia 4500 | ||
|---|---|---|---|
| 008 | 230718s9999 xx 000 0 und d | ||
| 020 | _a9780521886505 | ||
| 041 | _aeng | ||
| 082 |
_a343.7309'99 _bDUN |
||
| 100 |
_aDunne R. _9170493 |
||
| 245 |
_aComputers And The Law _bIntroduction To Basic Legal Principles And Their Application In Cyberspace |
||
| 260 |
_c2009 _bCambridge University Press |
||
| 300 |
_a458 _dRef 1417 C (33867) |
||
| 365 |
_cRs. _b2950.00 |
||
| 700 |
_aDunne R. _9170493 |
||
| 906 |
_dB:4521005-Aug-2011 _cCOMP _b737.5 |
||
| 999 |
_c328615 _d328615 |
||